00912nam a2200265 i 4500001001000000003000900010005001700019007000300036008004100039040003000080041000800110082001900118100002700137245006300164264006900227300002700296336002700323337003300350338002700383490006900410490003000479504003500509830007200544830003000616000025888DO-SdBNP20250924073802.0ta110224s1998 dr 000 0 spa d aDO-SdBNPbspacBNPHUerda aspa axxxbC355c2221 aCastro, Aquileseautor13aLa concepción de la Vega o Vega vieja /cAquiles Castro. aSanto Domingo :bUniversidad Autónoma de Santo Domingo,c1998. a23 páginas ;c22 cm. ardacontentbtexto2txt ardamediabsin mediación2n ardacarrierbvolume2nc1 aPublicaciones de la Universidad Autónoma de Santo Domingov8511 aCultura y Sociedadvno. 4 aBibliografía : página 23- aPublicaciones de la Universidad Autónoma de Santo Domingovv. 851 0aCultura y Sociedadnno. 4